000 00673nam a22002057a 4500
003 OSt
005 20221110182222.0
008 221006b |||||||| |||| 00| 0 eng d
020 _a84-89152-72-1
040 _cBiblioteca Lado V
082 _a791.433
_bA473r
100 _9369
_aAlvares Reyes, Juan Antonio
_ecurador
245 _aSesiones Animadas/
260 _bCentro Atlantico de Arte Moderno
_c2005
300 _c17x24cm
_a95p.
650 _2Tesauro de Arte & Arquitectura
_aARTE ANIMADO
650 _2Tesauro de Arte & Arquitectura
_aANIMACION
650 _2Tesauro de Arte & Arquitectura
_aARTE DIGITAL
942 _2ddc
_c1
_h791.433
_iA473s
_n0
999 _c2567
_d2567